|
|
|
|
| LEADER |
00000naa2a2200000 4500 |
| 001 |
606816 |
| 005 |
20260305163216.0 |
| 035 |
|
|
|a (RuTPU)RU\TPU\conf\4195
|
| 035 |
|
|
|a RU\TPU\conf\4186
|
| 090 |
|
|
|a 606816
|
| 100 |
|
|
|a 20140618d2014 k y0rusy50 ca
|
| 101 |
0 |
|
|a rus
|
| 102 |
|
|
|a RU
|
| 135 |
|
|
|a drcn ---uucaa
|
| 181 |
|
0 |
|a i
|
| 182 |
|
0 |
|a b
|
| 200 |
1 |
|
|a Исследование связей параметров токов поляризации и электромагнитных сигналов при изменении напряженно-деформированного состояния образцов горных пород
|d Study of communications of the current polarization and of the electromagnetic signal wiht a change in the stress-strain state of rock samples
|f А. И. Попеляев, Л. В. Яворович, А. А. Беспалько
|g науч. рук. А. П. Суржиков
|
| 203 |
|
|
|a Текст
|c электронный
|
| 215 |
|
|
|a 1 файл(391 Кб)
|
| 225 |
1 |
|
|a Физика
|
| 300 |
|
|
|a Заглавие с экрана
|
| 320 |
|
|
|a [Библиогр.: с. 185 (38назв.)]
|
| 330 |
|
|
|a In the work the results of research emerging current polarization and of the electromagnetic signal wiht a change in the stress-strain state of rock samples. It is established, that at stages of the stress-strain state of rocks observed correlation between emerging current polarization and the amplitude of the electromagnetic signal.
|
| 337 |
|
|
|a Adobe Reader
|
| 463 |
|
1 |
|0 (RuTPU)RU\TPU\conf\3586
|t Перспективы развития фундаментальных наук
|l Prospects of fundamental sciences development
|o сборник научных трудов XI Международной конференция студентов и молодых ученых, г. Томск, 22-25 апреля 2014 г.
|f Национальный исследовательский Томский политехнический университет (ТПУ) ; под ред. Е. А. Вайтулевич
|v [С. 183-185]
|d 2014
|
| 510 |
1 |
|
|a Study of communications of the current polarization and of the electromagnetic signal wiht a change in the stress-strain state of rock samples
|z eng
|
| 610 |
1 |
|
|a электронный ресурс
|
| 610 |
1 |
|
|a труды учёных ТПУ
|
| 610 |
1 |
|
|a связи
|
| 610 |
1 |
|
|a параметры
|
| 610 |
1 |
|
|a токи
|
| 610 |
1 |
|
|a поляризация
|
| 610 |
1 |
|
|a электромагнитные сигналы
|
| 610 |
1 |
|
|a напряженно-деформированные состояния
|
| 610 |
1 |
|
|a горные породы
|
| 700 |
|
1 |
|a Попеляев
|b А. И.
|
| 701 |
|
1 |
|a Яворович
|b Л. В.
|c специалист в области электрофизики
|c старший научный сотрудник Томского политехнического университета
|f 1957-
|g Людмила Васильевна
|3 (RuTPU)RU\TPU\pers\26571
|
| 701 |
|
1 |
|a Беспалько
|b А. А.
|c специалист в области электрофизики
|c ведущий научный сотрудник Томского политехнического университета, кандидат физико-математических наук
|f 1948-
|g Анатолий Алексеевич
|3 (RuTPU)RU\TPU\pers\25152
|
| 702 |
|
1 |
|a Суржиков
|b А. П.
|c физик
|c профессор Томского политехнического университета, доктор физико-математических наук
|f 1951-
|g Анатолий Петрович
|4 727
|
| 712 |
0 |
2 |
|a Национальный исследовательский Томский политехнический университет (ТПУ)
|b Институт неразрушающего контроля (ИНК)
|b Кафедра физических методов и приборов контроля качества (ФМПК)
|3 (RuTPU)RU\TPU\col\18709
|
| 801 |
|
1 |
|a RU
|b 63413507
|c 20101016
|
| 801 |
|
2 |
|a RU
|b 63413507
|c 20140618
|g RCR
|
| 856 |
4 |
|
|u http://www.lib.tpu.ru/fulltext/c/2014/C21/055.pdf
|
| 942 |
|
|
|c CF
|